Frenesí = Frenzy /

El largometraje número 55 y penúltimo de los 56 dirigidos por Hitchcock –en su regreso al cine inglés, veinte años después de filmar Desesperación/Pánico en escena (1950)- transcurre en los años setenta en Londres, donde un hombre inocente es confundido con un asesino. El protagonista deberá eludir...

Descripció completa

Guardat en:
Dades bibliogràfiques
Autor principal: Hitchcock, Alfred (realización)
Altres autors: Shaffer, Anthony (guión) (guión), Taylor, Gilbert (fotógrafo) (fotógrafo), Jympson, John (montaje) (montaje), Goodwin, Ron (música) (música), Finch, Jon (actuación) (actuación), McCowen, Alec (actuación) (actuación), Foster, Barry (actuación) (actuación), Bouzereau, Laurent (realización) (realización), Bouzereau, Laurent (guión) (guión), Bennett, Rick (fotógrafo) (fotógrafo), Siegel, Ron (fotógrafo) (fotógrafo), Pickett, Jeff (montaje) (montaje)
Format: Diapositiva
Idioma:anglès
Publicat: Universal City, EUA : Universal Pictures, c1972-2000
México : 2002, c2002
Col·lecció:(Alfred Hitchcock)
Matèries:
Etiquetes: Afegir etiqueta
Sense etiquetes, Sigues el primer a etiquetar aquest registre!

MARC

LEADER 00000ngm^a2200000^a^4500
001 000264041
005 20250521000000.0
009 20260526133751.435
037 |a Acervo ITESO - Biblioteca 
041 |a ING 
082 |a 820.  |b HIT 
100 |a Hitchcock, Alfred  |e (realización) 
240 1 1 |a [Frenesí. Adaptaciones] 
240 1 1 |a [Frenesí] 
245 1 0 |a Frenesí =  |b Frenzy /  |c Realización de A. Hitchcock. 
264 4 |a Universal City, EUA :  |b Universal Pictures,  |c c1972-2000 
264 4 |a México :  |b Universal Pictures,  |c 2002, c2002 
300 |a 1 DVD regiones 1, 3 y 4  |c (116, 45 min.) 
336 |a imagen móvil bidimensional  |b tdi  |2 rdacontenido 
337 |a video  |b v  |2 rdamedio 
338 |a videodisco  |b vd  |2 rdasoporte 
440 1 |a (Alfred Hitchcock) 
500 |a Basado en: Frenesí, de Arthur La Bern 
520 |a El largometraje número 55 y penúltimo de los 56 dirigidos por Hitchcock –en su regreso al cine inglés, veinte años después de filmar Desesperación/Pánico en escena (1950)- transcurre en los años setenta en Londres, donde un hombre inocente es confundido con un asesino. El protagonista deberá eludir a la justicia para demostrar su inocencia, al tiempo que guía a la policía hacia el verdadero criminal. Adaptación de la novela Frenesí (1965), del escritor Arthur La Bern, con guión de Anthony Shaffer (1926-2001). 
520 |a Suplementos y características especiales: 1) La historia de Frenesí (45 min., 2000; en inglés, con subtítulos opcionales: español, cantonés, inglés, portugués), mediometraje documental que presenta una mirada retrospectiva a la película; 2) Avance original (3 min.; en inglés, sin subtítulos) y 3) Galería de fotografías de la película y del rodaje. No comprende, en cambio, un folleto con notas de producción que aparece anunciado en la cubierta. 
545 0 |a Alfred Hitchcock, nacido en Londres en 1899 y muerto en Los Angeles en 1980, ha sido muy probablemente el director de cine más conocido por los públicos masivos de todo el mundo, que le identifican como el amo del suspenso. Hitchcock desarrolla una carrera fílmica que se extiende durante más de medio siglo (1920-1976), atraviesa el cine mudo y la primera década de cine sonoro en Inglaterra y a partir de su emigración a Estados Unidos en 1940, uno de los períodos más fructíferos del cine norteamericano. Asesinato (1930), El número 17 (1932), El hombre que sabía demasiado (1934), El agente secreto (1936), Rebeca (1940), Náufragos (1943), La sombra de una duda (1942), La soga (1948), Pacto siniestro (1951), Mi secreto me condena (1953), Con M de muerte (1954), La ventana indiscreta (1954), El hombre equivocado (1956), Vértigo/De entre los muertos (1958), Intriga internacional (1959), Psicosis (1960) y Los pájaros (1963) son algunos de los títulos emblemáticos de una filmografía formada por sólidas narraciones, dirigidas impecablemente, en las que Hitchcock dota de densidad y fascinación al género policíaco y expresa un interés particular por el inocente injustamente acusado. Su legado comprende además El cine según Hitchcock, serie de conversaciones sostenidas con su colega francés François Truffaut, que ha devenido un libro modelo para estudios similares que han sido realizados posteriormente sobre otros directores de cine. 
546 |a En inglés, con subtítulos en español 
649 |a XX 
650 |a Cineastas Ingleses 
650 |a Asesinos en Serie en el Cine 
650 |a Películas Policíacas 
650 |a Películas de Suspenso y Terror 
650 |a Cine Inglés -  |y 1970-1979 
650 |a Cine Inglés -  |y Siglo XX 
650 |a Cine Inglés -  |x Historia y Crítica 
650 |a Novela Inglesa -  |x Adaptaciones para Cine 
650 |a Literatura Inglesa -  |y Siglo XX -  |x Adaptaciones para Cine 
650 |a Literatura y Cine 
650 |a Estrangulación 
650 |a Asesinato 
650 |a Error Judicial 
650 |a Inocencia (Derecho) 
650 |a Hitchcock, Alfred 
740 3 |a La historia de Frenesí =  |b The Story of Frenzy /  |c Realización de L. Bouzereau. 
700 |a Shaffer, Anthony  |e (guión) 
700 |a Taylor, Gilbert  |e (fotógrafo) 
700 |a Jympson, John  |e (montaje) 
700 |a Goodwin, Ron  |e (música) 
700 |a Finch, Jon  |e (actuación) 
700 |a McCowen, Alec  |e (actuación) 
700 |a Foster, Barry  |e (actuación) 
700 |a Bouzereau, Laurent  |e (realización) 
700 |a Bouzereau, Laurent  |e (guión) 
700 |a Bennett, Rick  |e (fotógrafo) 
700 |a Siegel, Ron  |e (fotógrafo) 
700 |a Pickett, Jeff  |e (montaje) 
910 |a Fondo General 
920 |a Audiovisuales - DVDs 
940 |a Películas 
905 |a 302 
901 |a 0500137279  |b IT2  |c DVS  |u 20250521 
902 |a https://opac.biblio.iteso.mx/vufind/Record/000264041